| 000 | 00719nam a22002057a 4500 | ||
|---|---|---|---|
| 005 | 20160809100144.0 | ||
| 008 | 160809b nju||||| |||| 00| 0 eng d | ||
| 020 | _a0815513011 | ||
| 050 | 0 | 4 |
_aTK7871.85 _bE54 1992 |
| 245 | 1 | 0 |
_aElectrochemistry of semiconductors and electronics : Processes and devices / _cEd. by John Mchardy and Frank Ludwig |
| 250 | _a1a ed. | ||
| 260 |
_aPark ridge, new jersey: _bNoyes, _cc1992. |
||
| 300 |
_a359 paginas.: _bilustraciones., _c24 cm. |
||
| 504 | _aIncluye referencias e índice | ||
| 650 | 7 |
_2Lemb _aSemiconductores _xDiseño y construcción |
|
| 650 | 7 |
_2Lemb _aElectroquímica |
|
| 700 | 1 |
_aMchardy, John, _eeditor |
|
| 700 | 1 |
_aLudwig, Frank, _eeditor |
|
| 942 |
_2lcc _cLIB |
||
| 999 |
_c119331 _d119331 |
||